[Event "WLC A groep"]
[Site "Eindhoven, Netherlands"]
[Date "2018.05.25"]
[Round "1.1"]
[White "Shakhverdian, William"]
[Black "Bok, Benjamin"]
[Result "0-1"]
[WhiteElo "1937"]
[BlackElo "2632"]
[PlyCount "76"]
[EventDate "2018.??.??"]

{[%evp 0,76,26,27,27,32,73,6,34,37,36,7,35,40,43,38,32,-6,-10,-16,-16,-21,4,
-11,-18,-11,0,8,22,22,6,-2,-9,-14,0,-14,-14,-14,-6,-8,-6,-14,-2,-33,-33,-80,
-80,-61,-72,-72,-72,-115,-115,-118,-132,-223,-223,-220,-220,-212,-218,-219,
-223,-228,-179,-241,-253,-258,-258,-255,-261,-261,-256,-327,-552,-692,-289,
-29991,-29992]} 1. d4 {[%emt 0:00:01]} d5 {[%emt 0:00:16]} 2. Bf4 {[%emt 0:01:
03]} c5 {[%emt 0:01:53]} 3. c3 {[%emt 0:04:06]} Nc6 {[%emt 0:03:52]} 4. e3 {
[%emt 0:00:37]} Nf6 {[%emt 0:00:53]} 5. Nf3 {[%emt 0:02:16]} Qb6 {[%emt 0:00:
07]} 6. Qb3 {[%emt 0:03:36]} c4 {[%emt 0:01:33]} 7. Qxb6 {[%emt 0:05:19]} axb6
{[%emt 0:02:25]} 8. Be2 {[%emt 0:03:03]} Bf5 {[%emt 0:02:18]} 9. O-O {[%emt 0:
02:01]} e6 {[%emt 0:03:40]} 10. Nbd2 {[%emt 0:13:34]} b5 {[%emt 0:00:45]} 11.
a3 {[%emt 0:02:30]} Be7 {[%emt 0:06:16]} 12. Ne5 {[%emt 0:00:21]} O-O {[%emt 0:
01:29]} 13. g4 {[%emt 0:17:58]} Bg6 {[%emt 0:11:52]} 14. Nxg6 {[%emt 0:12:25]}
hxg6 {[%emt 0:00:22]} 15. Bg5 {[%emt 0:01:15]} Bd6 {[%emt 0:09:53]} 16. Bf3 {
[%emt 0:03:14]} Nd7 {[%emt 0:01:32]} 17. Bf4 {[%emt 0:01:14]} Bxf4 {[%emt 0:03:
07]} 18. exf4 {[%emt 0:00:05]} Nb6 {[%emt 0:00:06]} 19. Rfe1 {[%emt 0:04:34]}
Rfe8 {[%emt 0:00:58]} 20. Kf1 {[%emt 0:04:06]} f6 {[%emt 0:06:34]} 21. Re3 {
[%emt 0:05:50]} b4 {[%emt 0:09:51]} 22. Rae1 {[%emt 0:02:43]} bxc3 {[%emt 0:02:
13]} 23. bxc3 {[%emt 0:00:09]} Rxa3 {[%emt 0:01:39]} 24. Rb1 {[%emt 0:05:26]}
Ra6 {[%emt 0:00:18]} 25. f5 {[%emt 0:01:18]} gxf5 {[%emt 0:06:21]} 26. gxf5 {
[%emt 0:00:06]} e5 {[%emt 0:00:06]} 27. Rxb6 {[%emt 0:01:20]} Rxb6 {[%emt 0:00:
12]} 28. Bxd5+ {[%emt 0:00:06]} Kf8 {[%emt 0:00:07]} 29. Nxc4 {[%emt 0:01:14]}
Rb1+ {[%emt 0:00:47]} 30. Kg2 {[%emt 0:00:05]} exd4 {[%emt 0:01:21]} 31. Rh3 {
[%emt 0:01:22]} Ree1 {[%emt 0:10:24]} 32. cxd4 {[%emt 0:02:07]} Nxd4 {[%emt 0:
03:09]} 33. Rh8+ {[%emt 0:00:20]} Ke7 {[%emt 0:00:02]} 34. Rb8 {[%emt 0:00:40]}
Rg1+ {[%emt 0:01:25]} 35. Kh3 {[%emt 0:00:05]} Nxf5 {[%emt 0:00:50]} 36. Na5 {
[%emt 0:01:34]} g5 {[%emt 0:02:26]} 37. f3 {[%emt 0:00:32]} Nd4 {[%emt 0:02:16]
} 38. Be4 {[%emt 0:00:28]} Ne6 {[%emt 0:00:40]} 0-1

[Event "WLC A groep"]
[Site "Eindhoven, Netherlands"]
[Date "2018.05.25"]
[Round "1.2"]
[White "Van Foreest, Lucas"]
[Black "Van Zon, Paul"]
[Result "1-0"]
[WhiteElo "2529"]
[BlackElo "1935"]
[PlyCount "57"]
[EventDate "2018.??.??"]

{[%evp 0,57,27,-26,-2,-36,-33,-34,-19,-26,24,19,8,35,35,3,59,-2,15,9,1,-9,-7,
-48,-41,-32,-23,-41,15,13,15,15,37,32,54,57,132,117,124,125,96,134,164,164,158,
103,120,81,157,76,37,29,25,37,55,69,80,80,80,80]} 1. c4 {[%emt 0:00:02]} e5 {
[%emt 0:00:08]} 2. Nc3 {[%emt 0:00:44]} Nf6 {[%emt 0:00:25]} 3. e3 {[%emt 0:00:
23]} Bb4 {[%emt 0:01:03]} 4. Nge2 {[%emt 0:00:30]} c6 {[%emt 0:01:04]} 5. d4 {
[%emt 0:12:27]} exd4 {[%emt 0:10:00]} 6. Qxd4 {[%emt 0:01:10]} O-O {[%emt 0:02:
55]} 7. Bd2 {[%emt 0:06:33]} Re8 {[%emt 0:07:15]} 8. Ng3 {[%emt 0:00:12]} d6 {
[%emt 0:12:12]} 9. Be2 {[%emt 0:05:13]} Nbd7 {[%emt 0:04:16]} 10. a3 {[%emt 0:
02:16]} Bc5 {[%emt 0:00:55]} 11. Qd3 {[%emt 0:00:06]} Ne5 {[%emt 0:00:48]} 12.
Qc2 {[%emt 0:00:05]} Bb6 {[%emt 0:09:39]} 13. O-O {[%emt 0:07:33]} Be6 {
[%emt 0:12:57]} 14. Na4 {[%emt 0:04:00]} d5 {[%emt 0:06:09]} 15. Nxb6 {[%emt 0:
05:24]} Qxb6 {[%emt 0:00:36]} 16. c5 {[%emt 0:02:58]} Qd8 {[%emt 0:01:12]} 17.
Bc3 {[%emt 0:01:10]} Neg4 {[%emt 0:08:27]} 18. h3 {[%emt 0:01:05]} Nh6 {
[%emt 0:00:07]} 19. Bd3 {[%emt 0:00:43]} g6 {[%emt 0:03:25]} 20. Qa4 {[%emt 0:
00:30]} Kf8 {[%emt 0:03:32]} 21. Be5 {[%emt 0:06:52]} Nd7 {[%emt 0:02:10]} 22.
Bd6+ {[%emt 0:01:48]} Kg7 {[%emt 0:00:09]} 23. Rac1 {[%emt 0:04:47]} f5 {
[%emt 0:01:32]} 24. Ne2 {[%emt 0:00:36]} Nf7 {[%emt 0:00:21]} 25. Bg3 {[%emt 0:
00:06]} Nfe5 {[%emt 0:01:10]} 26. Rfd1 {[%emt 0:01:11]} b6 {[%emt 0:01:31]} 27.
cxb6 {[%emt 0:02:10]} axb6 {[%emt 0:00:36]} 28. Qd4 {[%emt 0:00:02]} Qf6 {
[%emt 0:01:30]} 29. Bxe5 {[%emt 0:00:04]} 1-0

[Event "WLC A groep"]
[Site "Eindhoven, Netherlands"]
[Date "2018.05.25"]
[Round "1.3"]
[White "Van Amerongen-Jansen, Pegg"]
[Black "Swinkels, Robin"]
[Result "0-1"]
[WhiteElo "1926"]
[BlackElo "2492"]
[PlyCount "54"]
[EventDate "2018.??.??"]

{[%evp 0,54,27,45,33,50,97,83,83,49,49,30,95,25,24,42,58,64,52,35,58,38,52,30,
40,6,-18,-49,-11,-49,-23,-81,-59,-77,-59,-69,-56,-103,-68,-67,-77,-94,-62,-149,
-121,-149,-123,-190,-68,-105,-93,-132,-125,-137,-190,-235,-365]} 1. e4 {
[%emt 0:00:03]} c5 {[%emt 0:00:08]} 2. Nf3 {[%emt 0:00:05]} d6 {[%emt 0:00:12]}
3. d4 {[%emt 0:00:10]} cxd4 {[%emt 0:00:03]} 4. Nxd4 {[%emt 0:00:05]} Nf6 {
[%emt 0:00:03]} 5. Nc3 {[%emt 0:00:14]} Nc6 {[%emt 0:00:04]} 6. Nxc6 {[%emt 0:
03:58]} bxc6 {[%emt 0:00:02]} 7. Be2 {[%emt 0:04:35]} e6 {[%emt 0:04:22]} 8.
O-O {[%emt 0:00:57]} d5 {[%emt 0:00:16]} 9. exd5 {[%emt 0:01:00]} cxd5 {
[%emt 0:00:11]} 10. Bf4 {[%emt 0:04:46]} Bd6 {[%emt 0:08:46]} 11. Bxd6 {
[%emt 0:02:06]} Qxd6 {[%emt 0:00:02]} 12. Nb5 {[%emt 0:11:50]} Qb8 {[%emt 0:02:
11]} 13. Qd4 {[%emt 0:07:05]} O-O {[%emt 0:10:29]} 14. a4 {[%emt 0:07:26]} a6 {
[%emt 0:10:19]} 15. Na3 {[%emt 0:04:21]} e5 {[%emt 0:00:31]} 16. Qe3 {[%emt 0:
03:35]} Re8 {[%emt 0:06:22]} 17. b3 {[%emt 0:02:57]} Bb7 {[%emt 0:03:25]} 18.
b4 {[%emt 0:09:45]} d4 {[%emt 0:03:40]} 19. Qb3 {[%emt 0:00:21]} Ne4 {[%emt 0:
01:40]} 20. Rfe1 {[%emt 0:04:20]} Qd8 {[%emt 0:11:19]} 21. Nb1 {[%emt 0:15:02]}
Nd6 {[%emt 0:08:32]} 22. c4 {[%emt 0:03:05]} e4 {[%emt 0:03:06]} 23. c5 {
[%emt 0:00:21]} Nf5 {[%emt 0:00:39]} 24. Bc4 {[%emt 0:01:27]} Qf6 {[%emt 0:10:
16]} 25. Na3 {[%emt 0:04:15]} e3 {[%emt 0:03:11]} 26. f3 {[%emt 0:01:06]} Nh4 {
[%emt 0:01:56]} 27. Bd5 {[%emt 0:03:36]} Qg5 {[%emt 0:02:03]} 0-1

[Event "WLC A groep"]
[Site "Eindhoven, Netherlands"]
[Date "2018.05.25"]
[Round "1.4"]
[White "Beerdsen, Thomas"]
[Black "De Vries, Emma"]
[Result "1-0"]
[WhiteElo "2483"]
[BlackElo "1921"]
[PlyCount "61"]
[EventDate "2018.??.??"]

{[%evp 0,61,27,32,50,53,70,59,52,40,51,51,120,57,105,77,100,59,87,55,68,60,58,
36,65,52,111,88,88,88,66,87,198,196,142,144,134,82,90,66,76,40,40,34,129,91,
209,211,211,134,195,234,234,255,274,227,274,291,302,297,561,604,550,809]} 1. e4
{[%emt 0:00:02]} c5 {[%emt 0:00:05]} 2. Nf3 {[%emt 0:00:07]} e6 {[%emt 0:00:05]
} 3. d4 {[%emt 0:00:08]} cxd4 {[%emt 0:00:06]} 4. Nxd4 {[%emt 0:00:04]} Nc6 {
[%emt 0:00:07]} 5. Nc3 {[%emt 0:00:06]} Qc7 {[%emt 0:00:11]} 6. Qd3 {[%emt 0:
00:20]} a6 {[%emt 0:02:35]} 7. Nxc6 {[%emt 0:00:06]} bxc6 {[%emt 0:01:56]} 8.
Qg3 {[%emt 0:00:07]} e5 {[%emt 0:09:37]} 9. f4 {[%emt 0:02:11]} d6 {[%emt 0:01:
26]} 10. fxe5 {[%emt 0:01:11]} dxe5 {[%emt 0:00:17]} 11. Bc4 {[%emt 0:00:05]}
Nf6 {[%emt 0:10:21]} 12. O-O {[%emt 0:01:47]} Be6 {[%emt 0:06:03]} 13. Bxe6 {
[%emt 0:00:14]} fxe6 {[%emt 0:00:01]} 14. Bg5 {[%emt 0:05:52]} Be7 {[%emt 0:01:
52]} 15. Qh3 {[%emt 0:06:22]} Qb6+ {[%emt 0:05:05]} 16. Kh1 {[%emt 0:02:26]} c5
{[%emt 0:00:04]} 17. Bxf6 {[%emt 0:08:51]} Bxf6 {[%emt 0:01:30]} 18. Qh5+ {
[%emt 0:00:12]} Ke7 {[%emt 0:00:56]} 19. b3 {[%emt 0:02:25]} Rad8 {[%emt 0:06:
19]} 20. Na4 {[%emt 0:06:13]} Qc6 {[%emt 0:01:18]} 21. Nb2 {[%emt 0:03:58]} Rd2
{[%emt 0:10:53]} 22. Nc4 {[%emt 0:02:04]} Rxc2 {[%emt 0:07:29]} 23. Nxe5 {
[%emt 0:03:08]} Qe8 {[%emt 0:01:30]} 24. Qd1 {[%emt 0:02:36]} Bxe5 {[%emt 0:01:
37]} 25. Qxc2 {[%emt 0:00:19]} Bd4 {[%emt 0:04:41]} 26. Rad1 {[%emt 0:03:59]}
Rf8 {[%emt 0:04:46]} 27. Rxf8 {[%emt 0:00:26]} Kxf8 {[%emt 0:01:29]} 28. b4 {
[%emt 0:01:25]} Qe7 {[%emt 0:02:28]} 29. bxc5 {[%emt 0:00:07]} Bxc5 {[%emt 0:
00:15]} 30. Rc1 {[%emt 0:00:49]} Bd6 {[%emt 0:02:09]} 31. Rf1+ {[%emt 0:00:06]}
1-0

[Event "WLC A groep"]
[Site "Eindhoven, Netherlands"]
[Date "2018.05.25"]
[Round "1.5"]
[White "De Vries, Leon"]
[Black "Van Dooren, Dirk"]
[Result "0-1"]
[WhiteElo "1907"]
[BlackElo "2360"]
[PlyCount "92"]
[EventDate "2018.??.??"]

1. d4 {[%emt 0:00:12]} f5 {[%emt 0:00:08]} 2. Nc3 {[%emt 0:00:08]} Nf6 {
[%emt 0:00:05]} 3. Bg5 {[%emt 0:00:15]} d5 {[%emt 0:00:12]} 4. Bxf6 {[%emt 0:
01:20]} exf6 {[%emt 0:00:05]} 5. e3 {[%emt 0:01:06]} Be6 {[%emt 0:00:17]} 6. g3
{[%emt 0:00:25]} Nc6 {[%emt 0:01:21]} 7. Bg2 {[%emt 0:00:35]} Qd7 {[%emt 0:02:
28]} 8. Nge2 {[%emt 0:00:33]} Bf7 {[%emt 0:01:41]} 9. a3 {[%emt 0:02:29]} h5 {
[%emt 0:02:51]} 10. Qd3 {[%emt 0:07:17]} Ne7 {[%emt 0:09:57]} 11. Nc1 {[%emt 0:
08:10]} a5 {[%emt 0:15:28]} 12. Nb3 {[%emt 0:05:59]} b6 {[%emt 0:06:04]} 13.
Qb5 {[%emt 0:13:00]} a4 {[%emt 0:05:43]} 14. Nd2 {[%emt 0:00:10]} Ra5 {[%emt 0:
00:27]} 15. Qxd7+ {[%emt 0:02:53]} Kxd7 {[%emt 0:00:05]} 16. Bf1 {[%emt 0:07:
36]} c6 {[%emt 0:04:27]} 17. Bd3 {[%emt 0:04:44]} h4 {[%emt 0:12:56]} 18. O-O-O
{[%emt 0:06:35]} g6 {[%emt 0:09:07]} 19. Nf3 {[%emt 0:05:20]} g5 {[%emt 0:00:
36]} 20. gxh4 {[%emt 0:04:10]} Bh5 {[%emt 0:00:07]} 21. Be2 {[%emt 0:01:01]}
Bxf3 {[%emt 0:00:06]} 22. Bxf3 {[%emt 0:00:06]} Rxh4 {[%emt 0:00:03]} 23. h3 {
[%emt 0:02:47]} Nc8 {[%emt 0:00:33]} 24. Be2 {[%emt 0:02:31]} Nd6 {[%emt 0:02:
08]} 25. f3 {[%emt 0:00:51]} Ra8 {[%emt 0:02:25]} 26. Bd3 {[%emt 0:03:00]} b5 {
[%emt 0:05:48]} 27. Rde1 {[%emt 0:02:02]} Re8 {[%emt 0:00:37]} 28. Nd1 {
[%emt 0:05:35]} Ke6 {[%emt 0:03:42]} 29. Nf2 {[%emt 0:01:05]} Kf7 {[%emt 0:00:
18]} 30. Re2 {[%emt 0:00:26]} Be7 {[%emt 0:00:30]} 31. Rhe1 {[%emt 0:00:33]}
Bd8 {[%emt 0:00:05]} 32. c3 {[%emt 0:00:21]} Bb6 {[%emt 0:01:25]} 33. Kd2 {
[%emt 0:01:27]} c5 {[%emt 0:00:32]} 34. Kd1 {[%emt 0:00:55]} cxd4 {[%emt 0:03:
51]} 35. exd4 {[%emt 0:00:09]} Rxe2 {[%emt 0:00:06]} 36. Rxe2 {[%emt 0:00:12]}
Rf4 {[%emt 0:00:45]} 37. Re3 {[%emt 0:00:05]} Nc4 {[%emt 0:02:02]} 38. Bxc4 {
[%emt 0:01:24]} bxc4 {[%emt 0:00:04]} 39. Ke2 {[%emt 0:00:48]} Bc7 {[%emt 0:00:
18]} 40. Kf1 {[%emt 0:00:12]} Rh4 {[%emt 0:00:08]} 41. Kg2 {[%emt 0:00:23]} Rh8
{[%emt 0:00:31]} 42. Nh1 {[%emt 0:02:08]} Bf4 {[%emt 0:04:45]} 43. Re2 {
[%emt 0:02:05]} Re8 {[%emt 0:00:19]} 44. Rxe8 {[%emt 0:00:10]} Kxe8 {[%emt 0:
00:05]} 45. Nf2 {[%emt 0:00:05]} Kf7 {[%emt 0:00:08]} 46. Nd1 {[%emt 0:00:11]}
Kg6 {[%emt 0:02:29]} 0-1

[Event "WLC A groep"]
[Site "Eindhoven, Netherlands"]
[Date "2018.05.25"]
[Round "1.6"]
[White "Baselmans, Luuk"]
[Black "Jansen, Ingeborg"]
[Result "1/2-1/2"]
[WhiteElo "2329"]
[BlackElo "1892"]
[PlyCount "99"]
[EventDate "2018.??.??"]

1. e4 {[%emt 0:00:03]} e5 {[%emt 0:00:09]} 2. Nf3 {[%emt 0:00:09]} Nc6 {
[%emt 0:00:10]} 3. d4 {[%emt 0:00:11]} exd4 {[%emt 0:00:16]} 4. Bc4 {[%emt 0:
00:10]} Bc5 {[%emt 0:00:23]} 5. c3 {[%emt 0:00:12]} Nf6 {[%emt 0:00:48]} 6. e5
{[%emt 0:00:12]} d5 {[%emt 0:00:50]} 7. Bb5 {[%emt 0:00:12]} Ne4 {[%emt 0:00:
28]} 8. cxd4 {[%emt 0:00:13]} Bb6 {[%emt 0:02:47]} 9. Nc3 {[%emt 0:00:27]} O-O
{[%emt 0:01:33]} 10. Be3 {[%emt 0:00:22]} Bg4 {[%emt 0:02:01]} 11. h3 {[%emt 0:
00:30]} Bh5 {[%emt 0:00:06]} 12. Qc2 {[%emt 0:00:56]} Bg6 {[%emt 0:02:47]} 13.
Qb3 {[%emt 0:00:37]} Ne7 {[%emt 0:02:19]} 14. O-O {[%emt 0:00:30]} c6 {[%emt 0:
03:15]} 15. Bd3 {[%emt 0:00:35]} Nxc3 {[%emt 0:02:19]} 16. Qxc3 {[%emt 0:00:42]
} Bxd3 {[%emt 0:00:25]} 17. Qxd3 {[%emt 0:00:06]} Qd7 {[%emt 0:01:11]} 18. Rfe1
{[%emt 0:06:59]} Qf5 {[%emt 0:03:47]} 19. Qb3 {[%emt 0:03:57]} Rab8 {[%emt 0:
03:02]} 20. a4 {[%emt 0:05:21]} Ba5 {[%emt 0:03:27]} 21. Re2 {[%emt 0:05:01]}
Ng6 {[%emt 0:00:23]} 22. Qa3 {[%emt 0:10:15]} Rbe8 {[%emt 0:14:29]} 23. Qc5 {
[%emt 0:07:41]} Qd3 {[%emt 0:11:02]} 24. Qc2 {[%emt 0:01:54]} Qxc2 {[%emt 0:00:
39]} 25. Rxc2 {[%emt 0:00:06]} f6 {[%emt 0:02:10]} 26. exf6 {[%emt 0:00:49]}
Rxf6 {[%emt 0:00:07]} 27. Bd2 {[%emt 0:05:36]} Bxd2 {[%emt 0:03:42]} 28. Rxd2 {
[%emt 0:01:50]} h6 {[%emt 0:05:47]} 29. b4 {[%emt 0:00:35]} Re4 {[%emt 0:00:13]
} 30. Re1 {[%emt 0:05:35]} Rfe6 {[%emt 0:02:22]} 31. Kf1 {[%emt 0:03:31]} Kf7 {
[%emt 0:02:12]} 32. g3 {[%emt 0:01:19]} Rxe1+ {[%emt 0:04:27]} 33. Nxe1 {
[%emt 0:00:09]} Nf8 {[%emt 0:00:49]} 34. Nd3 {[%emt 0:00:38]} Nd7 {[%emt 0:00:
06]} 35. a5 {[%emt 0:03:23]} b6 {[%emt 0:01:29]} 36. f3 {[%emt 0:01:09]} g5 {
[%emt 0:02:48]} 37. Kf2 {[%emt 0:00:18]} Ke7 {[%emt 0:00:05]} 38. Rc2 {[%emt 0:
01:12]} Kd6 {[%emt 0:00:46]} 39. h4 {[%emt 0:01:41]} Re8 {[%emt 0:00:04]} 40.
Rc1 {[%emt 0:01:17]} g4 {[%emt 0:02:42]} 41. axb6 {[%emt 0:12:37]} axb6 {
[%emt 0:00:14]} 42. Re1 {[%emt 0:01:41]} Rxe1 {[%emt 0:01:33]} 43. Kxe1 {
[%emt 0:01:22]} gxf3 {[%emt 0:00:18]} 44. Kf2 {[%emt 0:00:05]} c5 {[%emt 0:04:
32]} 45. bxc5+ {[%emt 0:01:07]} bxc5 {[%emt 0:00:05]} 46. dxc5+ {[%emt 0:00:23]
} Nxc5 {[%emt 0:00:06]} 47. Ne1 {[%emt 0:02:54]} Ke5 {[%emt 0:01:26]} 48. Kxf3
{[%emt 0:00:22]} h5 {[%emt 0:02:41]} 49. Ng2 {[%emt 0:02:19]} Ne4 {[%emt 0:03:
43]} 50. Nf4 {[%emt 0:02:18]} 1/2-1/2

[Event "WLC A groep"]
[Site "Eindhoven, Netherlands"]
[Date "2018.05.25"]
[Round "1.7"]
[White "Achuthan, Dylan"]
[Black "Grooten, Herman"]
[Result "0-1"]
[WhiteElo "1890"]
[BlackElo "2284"]
[PlyCount "107"]
[EventDate "2018.??.??"]

1. e4 {[%emt 0:00:03]} c5 {[%emt 0:00:08]} 2. Nf3 {[%emt 0:00:06]} e6 {[%emt 0:
00:06]} 3. c3 {[%emt 0:00:18]} d5 {[%emt 0:00:26]} 4. exd5 {[%emt 0:00:11]}
Qxd5 {[%emt 0:00:37]} 5. d4 {[%emt 0:00:36]} Nf6 {[%emt 0:00:25]} 6. Be2 {
[%emt 0:01:16]} Nc6 {[%emt 0:01:13]} 7. O-O {[%emt 0:00:32]} Be7 {[%emt 0:01:
14]} 8. Na3 {[%emt 0:01:44]} cxd4 {[%emt 0:03:14]} 9. Nb5 {[%emt 0:01:46]} Qd8
{[%emt 0:00:14]} 10. Nbxd4 {[%emt 0:00:30]} Nxd4 {[%emt 0:01:01]} 11. Qxd4 {
[%emt 0:02:32]} Qxd4 {[%emt 0:02:39]} 12. Nxd4 {[%emt 0:00:29]} a6 {[%emt 0:02:
50]} 13. Bf3 {[%emt 0:05:32]} e5 {[%emt 0:08:35]} 14. Nc6 {[%emt 0:11:59]} Bd6
{[%emt 0:02:50]} 15. Re1 {[%emt 0:09:56]} Nd7 {[%emt 0:03:29]} 16. Na5 {
[%emt 0:07:08]} Rb8 {[%emt 0:10:53]} 17. Nc4 {[%emt 0:00:53]} Bc7 {[%emt 0:00:
44]} 18. Bf4 {[%emt 0:15:20]} f6 {[%emt 0:02:17]} 19. Rad1 {[%emt 0:04:50]} b5
{[%emt 0:07:11]} 20. Nd6+ {[%emt 0:12:43]} Bxd6 {[%emt 0:00:46]} 21. Rxd6 {
[%emt 0:00:02]} Ke7 {[%emt 0:00:17]} 22. Rd2 {[%emt 0:00:15]} Nb6 {[%emt 0:12:
45]} 23. Be3 {[%emt 0:08:23]} Be6 {[%emt 0:02:14]} 24. Bc5+ {[%emt 0:01:06]}
Kf7 {[%emt 0:00:20]} 25. Bxb6 {[%emt 0:00:25]} Rxb6 {[%emt 0:00:07]} 26. Bd5 {
[%emt 0:00:26]} Rc8 {[%emt 0:02:55]} 27. Bxe6+ {[%emt 0:01:31]} Kxe6 {[%emt 0:
00:26]} 28. Red1 {[%emt 0:01:00]} g5 {[%emt 0:01:29]} 29. f3 {[%emt 0:04:23]}
h5 {[%emt 0:00:10]} 30. a3 {[%emt 0:02:04]} a5 {[%emt 0:01:48]} 31. Rd7 {
[%emt 0:03:07]} b4 {[%emt 0:03:11]} 32. cxb4 {[%emt 0:03:25]} Rc2 {[%emt 0:04:
15]} 33. R7d2 {[%emt 0:01:52]} Rxd2 {[%emt 0:00:09]} 34. Rxd2 {[%emt 0:00:02]}
axb4 {[%emt 0:00:07]} 35. axb4 {[%emt 0:00:49]} Rxb4 {[%emt 0:00:09]} 36. Kf2 {
[%emt 0:00:25]} g4 {[%emt 0:02:46]} 37. h3 {[%emt 0:00:48]} gxh3 {[%emt 0:01:
18]} 38. gxh3 h4 {[%emt 0:00:58]} 39. Ke2 {[%emt 0:00:55]} Kf5 {[%emt 0:02:34]}
40. Rc2 {[%emt 0:00:23]} Kf4 {[%emt 0:01:18]} 41. Kf2 {[%emt 0:00:05]} f5 {
[%emt 0:00:22]} 42. Kg2 {[%emt 0:00:56]} Rb8 {[%emt 0:03:28]} 43. Kf2 {[%emt 0:
00:34]} Rb3 {[%emt 0:00:21]} 44. Rc4+ {[%emt 0:00:07]} e4 {[%emt 0:00:07]} 45.
fxe4 {[%emt 0:00:15]} Rxb2+ {[%emt 0:00:27]} 46. Kf1 {[%emt 0:00:26]} fxe4 {
[%emt 0:00:07]} 47. Rc8 {[%emt 0:00:16]} Kf3 {[%emt 0:01:27]} 48. Rf8+ {
[%emt 0:00:13]} Kg3 {[%emt 0:00:37]} 49. Re8 {[%emt 0:00:30]} Rf2+ {[%emt 0:00:
34]} 50. Ke1 {[%emt 0:00:37]} Rf4 {[%emt 0:00:06]} 51. Ke2 {[%emt 0:00:18]}
Kxh3 {[%emt 0:00:14]} 52. Ke3 {[%emt 0:00:14]} Kg3 {[%emt 0:00:14]} 53. Rg8+ {
[%emt 0:00:08]} Rg4 {[%emt 0:00:07]} 54. Kd4 {[%emt 0:00:11]} 0-1

[Event "WLC A groep"]
[Site "Eindhoven, Netherlands"]
[Date "2018.05.25"]
[Round "1.8"]
[White "Sprangers, Remco"]
[Black "Albers, Sasa"]
[Result "1-0"]
[WhiteElo "2268"]
[BlackElo "1890"]
[PlyCount "131"]
[EventDate "2018.??.??"]

1. e4 {[%emt 0:00:01]} c6 {[%emt 0:00:01]} 2. d4 {[%emt 0:00:06]} d5 {[%emt 0:
00:02]} 3. e5 {[%emt 0:00:05]} c5 {[%emt 0:00:04]} 4. dxc5 {[%emt 0:00:34]} e6
{[%emt 0:00:01]} 5. a3 {[%emt 0:00:45]} Bxc5 {[%emt 0:00:13]} 6. b4 {[%emt 0:
00:24]} Be7 {[%emt 0:00:37]} 7. Qg4 {[%emt 0:00:39]} g6 {[%emt 0:03:19]} 8. Nf3
{[%emt 0:04:02]} Nd7 {[%emt 0:01:10]} 9. Bb2 {[%emt 0:08:14]} Qc7 {[%emt 0:03:
06]} 10. Bd3 {[%emt 0:06:46]} Nb6 {[%emt 0:02:05]} 11. O-O {[%emt 0:07:13]} Bd7
{[%emt 0:01:01]} 12. Nbd2 {[%emt 0:00:24]} Nh6 {[%emt 0:08:41]} 13. Qh3 {
[%emt 0:03:33]} Nf5 {[%emt 0:08:37]} 14. g4 {[%emt 0:05:44]} Ng7 {[%emt 0:17:
00]} 15. Rac1 {[%emt 0:15:46]} Na4 {[%emt 0:03:39]} 16. Ba1 {[%emt 0:00:24]}
Nc3 {[%emt 0:05:20]} 17. Qh6 {[%emt 0:01:28]} Bf8 {[%emt 0:08:16]} 18. Qe3 {
[%emt 0:02:57]} Rc8 {[%emt 0:02:04]} 19. Bxc3 {[%emt 0:06:05]} Qxc3 {[%emt 0:
00:04]} 20. Nb1 {[%emt 0:00:06]} Qc7 {[%emt 0:02:31]} 21. c4 {[%emt 0:00:23]}
dxc4 {[%emt 0:02:19]} 22. Rxc4 {[%emt 0:00:26]} Qb6 {[%emt 0:02:59]} 23. Rxc8+
{[%emt 0:01:42]} Bxc8 {[%emt 0:00:13]} 24. Qf4 {[%emt 0:00:41]} Be7 {[%emt 0:
01:02]} 25. Ng5 {[%emt 0:02:24]} O-O {[%emt 0:01:49]} 26. Ne4 {[%emt 0:07:49]}
Rd8 {[%emt 0:01:46]} 27. Bc2 {[%emt 0:03:12]} Bd7 {[%emt 0:03:14]} 28. Rd1 {
[%emt 0:04:16]} Bc6 {[%emt 0:01:59]} 29. Nd6 {[%emt 0:00:21]} Bxd6 {[%emt 0:02:
14]} 30. Rxd6 {[%emt 0:03:46]} Rxd6 {[%emt 0:00:39]} 31. exd6 {[%emt 0:00:04]}
Qd8 {[%emt 0:00:55]} 32. Nc3 {[%emt 0:01:12]} Ne8 {[%emt 0:00:50]} 33. b5 {
[%emt 0:00:07]} Bd5 {[%emt 0:00:09]} 34. Nxd5 {[%emt 0:05:23]} exd5 {[%emt 0:
00:07]} 35. Qe5 {[%emt 0:01:12]} Nxd6 {[%emt 0:00:44]} 36. Qxd5 {[%emt 0:00:05]
} Qb6 {[%emt 0:04:35]} 37. a4 {[%emt 0:00:38]} a6 {[%emt 0:01:39]} 38. bxa6 {
[%emt 0:00:24]} Qxa6 {[%emt 0:04:08]} 39. Bd3 {[%emt 0:02:13]} Qb6 {[%emt 0:05:
11]} 40. a5 {[%emt 0:00:49]} Qc7 {[%emt 0:00:01]} 41. Kg2 {[%emt 0:01:12]} Kg7
{[%emt 0:00:56]} 42. h4 {[%emt 0:01:40]} Qe7 {[%emt 0:01:47]} 43. g5 {[%emt 0:
02:08]} Ne8 {[%emt 0:03:03]} 44. f4 {[%emt 0:00:23]} Kg8 {[%emt 0:01:13]} 45.
Qe5 {[%emt 0:01:58]} Qd8 {[%emt 0:00:55]} 46. f5 {[%emt 0:00:57]} Nd6 {[%emt 0:
00:28]} 47. f6 {[%emt 0:00:36]} Kf8 {[%emt 0:00:27]} 48. Qc5 {[%emt 0:00:17]}
Ke8 {[%emt 0:00:29]} 49. h5 {[%emt 0:01:36]} Qd7 {[%emt 0:00:25]} 50. hxg6 {
[%emt 0:00:49]} hxg6 51. Qe3+ {[%emt 0:00:27]} Kd8 {[%emt 0:00:38]} 52. Qd4 {
[%emt 0:00:38]} Qc6+ {[%emt 0:00:39]} 53. Kg3 {[%emt 0:00:10]} Kd7 {[%emt 0:00:
38]} 54. Qe5 {[%emt 0:00:23]} Kc7 {[%emt 0:00:34]} 55. Bxg6 {[%emt 0:00:28]}
Qd7 {[%emt 0:00:36]} 56. Bh5 {[%emt 0:00:23]} b6 {[%emt 0:00:32]} 57. a6 {
[%emt 0:00:16]} Qa4 {[%emt 0:00:29]} 58. Qe7+ {[%emt 0:00:13]} Kc6 {[%emt 0:00:
19]} 59. Bf3+ {[%emt 0:00:05]} Kc5 {[%emt 0:00:13]} 60. Qc7+ {[%emt 0:00:04]}
Kb4 {[%emt 0:00:28]} 61. Qxd6+ {[%emt 0:00:06]} Ka5 {[%emt 0:00:06]} 62. a7 {
[%emt 0:00:16]} Qh4+ {[%emt 0:00:10]} 63. Kxh4 {[%emt 0:00:10]} Ka4 {[%emt 0:
00:03]} 64. a8=Q+ {[%emt 0:00:10]} Kb3 {[%emt 0:00:18]} 65. Qaa3+ {[%emt 0:00:
05]} Kc2 {[%emt 0:00:04]} 66. Qdd3# {[%emt 0:00:05]} 1-0